Crosswords /

Uloženo v:
Podrobná bibliografie
Hlavní autor: Sumner, Penny
Médium: Kniha
Jazyk:angličtina
Vydáno: London The Women's Press 1995
Tagy: Přidat tag
Žádné tagy, Buďte první, kdo vytvoří štítek k tomuto záznamu!

MARC

LEADER 00000nam a2200000 4500
001 CDOM0000002019
003 mi
005 20250902202252.0
008 250902b |||||||| |||| 00| 0 eng d
020 |a 0704344483 
040 |c mi 
100 |a Sumner, Penny 
245 1 |a Crosswords /  |c Penny Sumner 
260 |a London  |b The Women's Press  |c 1995 
300 |a 241 p.  |c 20 cm. 
942 |2 ddc  |c BK 
952 |0 0  |1 0  |2 ddc  |4 0  |6 B_LNR02SUMPECRO11  |7 0  |9 5746  |a MI  |b MI  |d 2006-01-26  |i 5062  |l 0  |o B-LNR02-SUMPE-CRO11  |p CDOM5062  |r 2025-07-13 16:28:00  |w 2025-07-13  |x ACQUISTO  |y BK 
999 |c 4589  |d 4589